00349nam a2200133Ia 4500003000400000005001700004008004100021040001800062041000800080100004900088110001400137245004400151260002000195OSt20230605140224.0211028s2011 xx 000 0 und d cAIMIT LIBRARY aeng aKane, Pooja Avadhoot Pai; Nausheeda.e091924 aNausheeda aIntraNet portal for parinati solutions. aMangalorec2011